000 00937nmm a2200289 a 4500
001 ocm000602954
003 TR-IsHL
005 20201028132028.0
008 131028s2008 tu tur
007 cr cn
020 _a9789754541489
035 _a602954
_b(N$T)
050 0 4 _aPL248.Z57
_bT37 2008
090 0 4 _aPL248.Z57
_bT37 2008
100 1 _aZiya Paşa
245 1 0 _aTerkib-i bend Terci'-i bend (Osmanlı Türkçesi aslı ile birlikte)
_h[electronic resource] /
_cZiya Paşa ; haz. Özge Şahin
250 _a1. bs.
260 _aİstanbul :
_bÇağrı Yayınları,
_c2008
300 _a113 p.
650 4 _aDil ve Edebiyat
650 4 _aLanguage and Literature
650 0 _aDivan şiiri
650 0 _aDivan poetry
650 7 _aLITERARY COLLECTIONS / Middle Eastern
_2bisacsh
700 1 _aŞahin, Özge
856 4 0 _uhttp://search.ebscohost.com/login.aspx?direct=true&scope=site&db=e011xww&AN=602954
999 _c4874
_d4874